[Event "22e tournoi de Noël"]
[Site "Montigny le Bretonneux"]
[Date "2023.12.29"]
[Round "5.14"]
[White "Lanfant, Kevin"]
[Black "Weens, William"]
[Result "0-1"]
[WhiteElo "1213"]
[BlackElo "1643"]
[Annotator "Rivier,Sylvain"]
[PlyCount "58"]
[EventDate "2023.??.??"]
[WhiteTeam "La Dame Noire"]
[BlackTeam "ECHECS 78"]

{Défense Grünfeld, variante des trois cavaliers} 1. d4 Nf6 2. Nf3 g6 3. c4 d5
4. cxd5 Nxd5 5. e4 Nf6 6. Nc3 Bg7 7. Be2 O-O 8. O-O b6 9. Be3 Bb7 10. Qc2 Qc8
11. Rac1 Rd8 12. Rfd1 Nc6 13. h3 Nb4 14. Qa4 a5 15. a3 Na6 16. Qc2 c5 17. e5
Nd5 18. Nxd5 Bxd5 19. dxc5 bxc5 20. Bxc5 Nxc5 21. Qxc5 Qb7 22. Rd2 Rac8 23. Qb5
Rxc1+ 24. Kh2 Qxb5 25. Bxb5 e6 26. Ba4 Rb8 27. Re2 Rb1 28. h4 R1xb2 29. Rd2 Bh6
0-1

[Event "22e tournoi de Noël"]
[Site "Montigny le Bretonneux"]
[Date "2023.12.29"]
[Round "5.15"]
[White "Durez, Gerard"]
[Black "Marandas, Yanis"]
[Result "1/2-1/2"]
[WhiteElo "1378"]
[BlackElo "1099"]
[Annotator "Rivier,Sylvain"]
[PlyCount "75"]
[EventDate "2023.??.??"]
[WhiteTeam "La Dame Noire"]
[BlackTeam "Reims Echec et Mat"]

{Partie du pion dame} 1. Nc3 d5 2. d4 Nf6 3. Nf3 Nc6 4. e3 a6 5. a3 g6 6. Bd2
Bg7 7. Rb1 O-O 8. Be2 Bf5 9. b4 Re8 10. b5 axb5 11. Nxb5 Ne4 12. O-O b6 13. Qc1
e5 14. Ra1 h6 15. c4 Be6 16. Rd1 Qc8 17. dxe5 Nxe5 18. Nxe5 c6 19. Rb1 cxb5 20.
f4 bxc4 21. Rxb6 c3 22. Be1 c2 23. Rd3 d4 24. Rc6 Qb7 25. Rxc2 dxe3 26. Rxe3
Rac8 27. Bf3 Bf5 28. Bxe4 Rxc2 29. Bxc2 Rc8 30. Re2 g5 31. Qd1 Bxc2 32. Rxc2
Rxc2 33. Qxc2 gxf4 34. Nf3 Qa7+ 35. Kh1 Qxa3 36. Qc8+ Kh7 37. Qf5+ Kg8 38. Qxf4
1/2-1/2

[Event "22e tournoi de Noël"]
[Site "Montigny le Bretonneux"]
[Date "2023.12.29"]
[Round "5.16"]
[White "Un, Prathna"]
[Black "Richecoeur, Clemence"]
[Result "0-1"]
[WhiteElo "1199"]
[BlackElo "1463"]
[Annotator "Rivier,Sylvain"]
[PlyCount "26"]
[EventDate "2023.??.??"]
[WhiteTeam "La Dame Noire"]
[BlackTeam "CE Le Roi Soleil - Le Chesnay - Versailles"]

{Défense Pirc} 1. e4 d6 2. Nf3 Nf6 3. Nc3 g6 4. Bc4 Nc6 5. a3 Bg4 6. O-O Nd4
7. b3 Nxf3+ 8. gxf3 Bh3 9. Re1 e5 10. d3 Nh5 11. d4 Nf4 12. dxe5 Qg5+ 13. Kh1
Qg2# 0-1

[Event "22e tournoi de Noël"]
[Site "Montigny le Bretonneux"]
[Date "2023.12.29"]
[Round "5.17"]
[White "Corbillet, Mathieu"]
[Black "Rauche, Michel"]
[Result "1/2-1/2"]
[WhiteElo "1460"]
[BlackElo "1308"]
[Annotator "Rivier,Sylvain"]
[PlyCount "87"]
[EventDate "2023.??.??"]
[WhiteTeam "La Dame Noire"]
[BlackTeam "C.E. Fontenay le Fleury "]

{Défense sicilienne, fianchetto accéléré} 1. e4 c5 2. Nf3 Nc6 3. d4 cxd4 4.
Nxd4 g6 5. c3 Bg7 6. Nxc6 bxc6 7. Qf3 Nf6 8. Bc4 d5 9. exd5 cxd5 10. O-O Bg4
11. Bb5+ Kf8 12. Qg3 h5 13. Bg5 Ne4 14. Qe3 Nxg5 15. Qxg5 Bf6 16. Qe3 d4 17.
Qd2 dxc3 18. Qxd8+ Rxd8 19. Nxc3 Kg7 20. Rac1 Be6 21. b3 Rb8 22. Ba4 Rb7 23.
Rfd1 Bg5 24. Rc2 Rc8 25. b4 Bf5 26. Ne4 Rxc2 27. Bxc2 Bxe4 28. Bxe4 Rxb4 29.
Bd5 e6 30. Bb3 a5 31. Rd7 a4 32. Bc2 Rc4 33. Bd1 a3 34. g3 h4 35. Bb3 Rc1+ 36.
Kg2 Re1 37. Ra7 hxg3 38. hxg3 Bc1 39. Kf3 Kf6 40. Ra4 Bb2 41. Rf4+ Kg7 42. Kg4
Bc1 43. Ra4 Kf6 44. f4 1/2-1/2

[Event "22e tournoi de Noël"]
[Site "Montigny le Bretonneux"]
[Date "2023.12.29"]
[Round "5.18"]
[White "Taieb, Cedric"]
[Black "Carbonero, Jean Marc"]
[Result "1-0"]
[WhiteElo "1399"]
[BlackElo "1009"]
[Annotator "Rivier,Sylvain"]
[PlyCount "81"]
[EventDate "2023.??.??"]
[WhiteTeam "Saint-Quentin en Yvelines"]
[BlackTeam "Saint-Quentin en Yvelines"]

{Partie du pion dame} 1. d4 d5 2. Nf3 Bf5 3. e3 Nc6 4. Nbd2 Nb4 5. Bb5+ c6 6.
Ba4 b5 7. Bb3 e6 8. Ne5 f6 9. Qh5+ Ke7 10. Qh4 g5 11. Qg3 Bg6 12. a3 fxe5 13.
Qxe5 Nf6 14. axb4 Qd6 15. Qg3 Qxg3 16. hxg3 Bg7 17. Ra6 h5 18. Rxc6 Rac8 19.
Ra6 Bxc2 20. Rxa7+ Nd7 21. O-O Bd3 22. Re1 Ra8 23. Rc7 Rhc8 24. Rb7 Rab8 25.
Ra7 Rd8 26. e4 Bxd4 27. exd5 e5 28. Nf3 Kd6 29. Nxg5 Bxa7 30. Nf7+ Ke7 31. Nxd8
Rxd8 32. Bg5+ Nf6 33. Rxe5+ Kf7 34. d6+ Kg6 35. Bf4 Rxd6 36. Rg5+ Kh7 37. Bxd6
Bd4 38. Bf8 Bg6 39. Rxb5 Bxb2 40. Rb7+ Kh8 41. Bg7+ 1-0

[Event "22e tournoi de Noël"]
[Site "Montigny le Bretonneux"]
[Date "2023.12.29"]
[Round "5.19"]
[White "Nicol, Christian"]
[Black "Phelippot, Gabriel"]
[Result "1-0"]
[WhiteElo "1534"]
[BlackElo "1199"]
[Annotator "Rivier,Sylvain"]
[PlyCount "81"]
[EventDate "2023.??.??"]
[WhiteTeam "Saint-Quentin en Yvelines"]
[BlackTeam "Kamogawa Chess Club"]

{Partie du pion dame} 1. d4 d5 2. Bf4 Bf5 3. e3 e6 4. Nf3 Bd6 5. Bg3 Nf6 6.
Nbd2 O-O 7. a3 Re8 8. c4 c5 9. Bh4 Bg4 10. Be2 Nc6 11. O-O cxd4 12. exd4 Be7
13. c5 Ne4 14. Bxe7 Rxe7 15. Re1 e5 16. dxe5 Nxe5 17. Nxe5 Bxe2 18. Qxe2 Rxe5
19. f3 Nxd2 20. Qxe5 Nc4 21. Qd4 b6 22. Rad1 bxc5 23. Qxd5 Qxd5 24. Rxd5 Nxb2
25. Re2 Na4 26. Red2 Kf8 27. Rd8+ Rxd8 28. Rxd8+ Ke7 29. Ra8 Kd6 30. Kf1 Nb2
31. Ke1 c4 32. Kd2 Kd5 33. Rxa7 Kd4 34. Rd7+ Kc5 35. Rxf7 Na4 36. Rxg7 c3+ 37.
Kc2 Kc4 38. Rc7+ Kd4 39. Rxh7 Nb2 40. h3 Nc4 41. Rh4+ 1-0

[Event "22e tournoi de Noël"]
[Site "Montigny le Bretonneux"]
[Date "2023.12.29"]
[Round "6.1"]
[White "Lim, Chin"]
[Black "Kvashyna, Tetyana"]
[Result "0-1"]
[WhiteElo "1885"]
[BlackElo "1708"]
[Annotator "Rivier,Sylvain"]
[PlyCount "100"]
[EventDate "2023.??.??"]
[WhiteTeam "La Dame Noire"]
[BlackTeam "Arcueil Chessland"]

{Gambit dame} 1. d4 d5 2. c4 e6 3. Nc3 c6 4. cxd5 exd5 5. Qc2 Nf6 6. Bg5 Be7 7.
e3 Be6 8. Bd3 Nbd7 9. Nge2 h6 10. Bh4 g5 11. Bg3 Nh5 12. Rb1 Nxg3 13. hxg3 Qa5
14. f4 Bg4 15. Ng1 O-O-O 16. Kf2 Kb8 17. a3 Nf6 18. Nf3 Bh5 19. Ne5 Ng4+ 20.
Nxg4 Bxg4 21. b4 Qc7 22. Rhc1 Bd6 23. Qd2 Qe7 24. b5 gxf4 25. gxf4 Qh4+ 26. Kg1
c5 27. b6 a6 28. Nb5 cxd4 29. exd4 Qf6 30. Nxd6 Qxd4+ 31. Kh1 Rxd6 32. Rc7 Rxb6
33. Rxb7+ Kxb7 34. Bxa6+ Kxa6 35. Qxd4 Rxb1+ 36. Kh2 Rhb8 37. Qxd5 Be6 38. Qc6+
R1b6 39. Qe4 Bb3 40. Qe5 Rb5 41. Qc7 R8b7 42. Qc6+ R5b6 43. Qc5 Rg6 44. g3 Rbb6
45. Kg2 Rgc6 46. Qd4 Rd6 47. Qc3 Bd5+ 48. Kh3 Be6+ 49. Kg2 Rb3 50. Qc5 Rd2+ 0-1

[Event "22e tournoi de Noël"]
[Site "Montigny le Bretonneux"]
[Date "2023.12.29"]
[Round "6.2"]
[White "Kunne, Ronald"]
[Black "Prevost, Yvan"]
[Result "1-0"]
[WhiteElo "1587"]
[BlackElo "1272"]
[Annotator "Rivier,Sylvain"]
[PlyCount "91"]
[EventDate "2023.??.??"]
[WhiteTeam "Club d'Echecs d'Orsay"]
[BlackTeam "Club d'Echecs de Guyancourt"]

{Partie espagnole, défense Bird} 1. e4 e5 2. Nf3 Nc6 3. Bb5 Nd4 4. Nxd4 exd4
5. Bc4 d6 6. c3 Qf6 7. cxd4 Qxd4 8. Qa4+ Kd8 9. Nc3 Bd7 10. Qb3 Qb6 11. Bxf7
Qxb3 12. Bxb3 Nf6 13. d4 c6 14. Be3 Ne8 15. O-O-O Nc7 16. e5 d5 17. f4 Bf5 18.
Bc2 g6 19. h3 Bh6 20. Bxf5 gxf5 21. g4 Rf8 22. g5 Bg7 23. h4 Ke7 24. Ne2 Ne6
25. Rd3 h6 26. Bd2 a5 27. Rb3 b5 28. Ra3 b4 29. Rxa5 Rxa5 30. Bxb4+ Kf7 31.
Bxa5 Ra8 32. b4 h5 33. Rh3 Bf8 34. Rc3 Ra6 35. Kd2 Rxa5 36. bxa5 Bb4 37. Kd3
Bxc3 38. Kxc3 Nc7 39. Nc1 Ke7 40. Nd3 Kd8 41. Nc5 Nb5+ 42. Kd3 Ke7 43. a4 Na7
44. Kc3 Nc8 45. Kb4 Na7 46. Nb7 1-0

[Event "22e tournoi de Noël"]
[Site "Montigny le Bretonneux"]
[Date "2023.12.29"]
[Round "6.3"]
[White "Appavou, Calixte"]
[Black "Laot, Celestin"]
[Result "1-0"]
[WhiteElo "1747"]
[BlackElo "1199"]
[Annotator "Rivier,Sylvain"]
[PlyCount "83"]
[EventDate "2023.??.??"]
[WhiteTeam "Saint-Quentin en Yvelines"]
[BlackTeam "Club d'Echecs de Triel sur Seine"]

{Défense sicilienne, fianchetto accéléré} 1. e4 c5 2. Nf3 Nc6 3. d4 cxd4 4.
Nxd4 g6 5. c3 Bg7 6. Be3 Nf6 7. Nxc6 bxc6 8. f3 O-O 9. Be2 Qc7 10. O-O d5 11.
exd5 cxd5 12. Na3 a6 13. Qd2 Bb7 14. Nc2 Rfd8 15. Rac1 Rab8 16. Nd4 e5 17. Nb3
a5 18. Nc5 Bf8 19. Nxb7 Qxb7 20. b3 Rd7 21. Bh6 Bc5+ 22. Kh1 e4 23. Be3 Ba3 24.
Rc2 Rc8 25. Bd4 Be7 26. f4 Rd6 27. f5 Ne8 28. Bg4 Rcc6 29. Qe3 Qc7 30. Rcf2 Bf6
31. fxg6 hxg6 32. h3 Bxd4 33. cxd4 Ng7 34. Qd2 f5 35. Bd1 Re6 36. Re2 Re8 37.
b4 Ra8 38. b5 Rc4 39. Bb3 Rb8 40. a4 Rb4 41. Bxd5+ Kf8 42. Qh6 1-0

[Event "22e tournoi de Noël"]
[Site "Montigny le Bretonneux"]
[Date "2023.12.29"]
[Round "6.4"]
[White "Martin, Gabriel"]
[Black "Almeida, Oscar Coelho"]
[Result "1/2-1/2"]
[WhiteElo "1400"]
[BlackElo "1617"]
[Annotator "Rivier,Sylvain"]
[PlyCount "87"]
[EventDate "2023.??.??"]
[WhiteTeam "Club d'Echecs d'Orsay"]
[BlackTeam "Saint-Quentin en Yvelines"]

{Défense est-indienne} 1. d4 Nf6 2. c4 g6 3. Nc3 Bg7 4. e4 d6 5. Nf3 O-O 6.
Be3 e5 7. dxe5 dxe5 8. Qxd8 Rxd8 9. Bg5 Nc6 10. Nd5 Nxd5 11. Bxd8 Ndb4 12.
O-O-O Nxa2+ 13. Kb1 Nab4 14. Bxc7 Be6 15. Ng5 Nd4 16. Nxe6 fxe6 17. Ba5 Nbc6
18. Rxd4 exd4 19. Bd2 e5 20. h4 Rf8 21. f3 h5 22. Kc2 Kf7 23. b4 Ke6 24. c5 a6
25. Bc4+ Ke7 26. Bd5 Rc8 27. Bxc6 Rxc6 28. Rc1 b6 29. Kd3 bxc5 30. bxc5 Bf8 31.
g4 hxg4 32. fxg4 Ke8 33. Bb4 Be7 34. h5 gxh5 35. gxh5 Kf7 36. Kc4 Rh6 37. Kd5
Rxh5 38. c6 Rh6 39. Bxe7 Kxe7 40. Kxe5 d3 41. Rd1 Rh5+ 42. Kd4 Kd6 43. Rxd3
Kxc6 44. Ra3 1/2-1/2

[Event "22e tournoi de Noël"]
[Site "Montigny le Bretonneux"]
[Date "2023.12.29"]
[Round "6.5"]
[White "Mourgues, Joelle"]
[Black "Imbert, Christophe"]
[Result "0-1"]
[WhiteElo "1522"]
[BlackElo "1811"]
[Annotator "Rivier,Sylvain"]
[PlyCount "103"]
[EventDate "2023.??.??"]
[WhiteTeam "Saint-Quentin en Yvelines"]
[BlackTeam "Club d'Echecs du Vesinet"]

{Début Reti} 1. Nf3 Nf6 2. g3 g6 3. d3 Bg7 4. Bg2 c5 5. c3 d6 6. O-O O-O 7.
Nbd2 Nc6 8. e4 Rb8 9. a4 a6 10. Qc2 b5 11. Re1 Nd7 12. Nf1 Nb6 13. axb5 axb5
14. Ne3 Bd7 15. Bd2 e6 16. Ng4 h5 17. Ne3 d5 18. Nf1 d4 19. e5 b4 20. cxd4 cxd4
21. Qc5 Nd5 22. Nxd4 Nxe5 23. Qc2 Qb6 24. Bxd5 Qxd4 25. Bg2 Qxd3 26. Qd1 Nc4
27. Be4 Qd6 28. Bf4 e5 29. Bc1 Be6 30. Ne3 Rfd8 31. Qxd6 Rxd6 32. Nxc4 Bxc4 33.
Be3 f5 34. Bf3 Rd7 35. Rac1 Bb3 36. Bd1 Bxd1 37. Rcxd1 Rbd8 38. Rxd7 Rxd7 39.
b3 Rd3 40. Rb1 Bf8 41. Kf1 Kf7 42. Ke2 e4 43. f3 Ke6 44. Rb2 Bd6 45. fxe4 fxe4
46. Ra2 Rxb3 47. Ra6 Rb2+ 48. Bd2 Kd5 49. Ra5+ Kd4 50. Kd1 b3 51. Ra4+ Kd3 52.
Ra5 0-1

[Event "22e tournoi de Noël"]
[Site "Montigny le Bretonneux"]
[Date "2023.12.29"]
[Round "6.6"]
[White "Couradin, Jean-Marie"]
[Black "Artieres, Michel"]
[Result "0-1"]
[WhiteElo "1410"]
[BlackElo "1665"]
[Annotator "Rivier,Sylvain"]
[PlyCount "54"]
[EventDate "2023.??.??"]
[WhiteTeam "La Dame Noire"]
[BlackTeam "La Dame Noire"]

{Défense vieille indienne, variante principale} 1. d4 Nf6 2. Nf3 d6 3. c4 Nbd7
4. Nc3 e5 5. dxe5 dxe5 6. e4 c6 7. Be2 Qc7 8. O-O Be7 9. b3 O-O 10. Bb2 Re8 11.
Re1 Nf8 12. Bf1 Bg4 13. g3 Rad8 14. Qc2 Bxf3 15. Re3 Bg4 16. h3 Bh5 17. g4 Bg6
18. Bg2 Ne6 19. Ne2 Bc5 20. Rg3 Nf4 21. Nxf4 exf4 22. Bxf6 fxg3 23. Bxd8 Bxf2+
24. Kf1 Rxd8 25. Qe2 Qf4 26. Bf3 h6 27. Kg2 Rd2 0-1

[Event "22e tournoi de Noël"]
[Site "Montigny le Bretonneux"]
[Date "2023.12.29"]
[Round "6.7"]
[White "Ralitera, Loic"]
[Black "Duget, Long Jc"]
[Result "0-1"]
[WhiteElo "1136"]
[BlackElo "1544"]
[Annotator "Rivier,Sylvain"]
[PlyCount "102"]
[EventDate "2023.??.??"]
[WhiteTeam "Villepreux Le Fou du Roi"]
[BlackTeam "ECHECS 78"]

{Défense hollandaise} 1. d4 f5 2. b3 Nf6 3. Bb2 e6 4. Nc3 d5 5. e3 c6 6. Qd2
Be7 7. O-O-O b5 8. f3 O-O 9. h3 Nbd7 10. Bd3 Nb6 11. g4 a5 12. Nge2 a4 13. Kb1
Qc7 14. gxf5 b4 15. Nxa4 Nxa4 16. bxa4 Qa5 17. Rdg1 Qxa4 18. Nc1 exf5 19. Qg2
Nh5 20. e4 Be6 21. exf5 Bf7 22. f4 Bf6 23. Qg4 Qa7 24. Be2 Qc7 25. Rf1 Rfb8 26.
Rhg1 Ra5 27. Nb3 Rba8 28. Nxa5 Qxa5 29. Qf3 Qxa2+ 30. Kc1 Qa7 31. Qd3 c5 32.
Qb3 c4 33. Qxb4 Bxd4 34. Bxd4 Qxd4 35. Qb2 Ra1+ 36. Qxa1 Qxa1+ 37. Kd2 Qd4+ 38.
Kc1 Nxf4 39. Bg4 Qa1+ 40. Kd2 Qd4+ 41. Kc1 c3 42. Rg3 Ne2+ 43. Bxe2 Qd2+ 44.
Kb1 Qxe2 45. Rfg1 Qb5+ 46. Kc1 Qb2+ 47. Kd1 Bh5+ 48. Ke1 Qc1+ 49. Kf2 Qxc2+ 50.
Ke3 Qe4+ 51. Kf2 Qe2# 0-1

[Event "22e tournoi de Noël"]
[Site "Montigny le Bretonneux"]
[Date "2023.12.29"]
[Round "6.8"]
[White "Barthere, Gilles"]
[Black "Longbien, Dominique"]
[Result "1-0"]
[WhiteElo "1353"]
[BlackElo "1470"]
[Annotator "Rivier,Sylvain"]
[PlyCount "131"]
[EventDate "2023.??.??"]
[WhiteTeam "CE Le Roi Soleil - Le Chesnay - Versailles"]
[BlackTeam "La Dame Noire"]

{Partie espagnole, défense Morphy} 1. e4 e5 2. Nf3 Nc6 3. Bb5 a6 4. Ba4 b5 5.
Bb3 Nf6 6. O-O Na5 7. c3 Nxb3 8. Qxb3 Qe7 9. d3 d6 10. Bg5 Qe6 11. Nbd2 Be7 12.
Qxe6 Bxe6 13. a4 h6 14. Bh4 Kd7 15. h3 g5 16. Bg3 Rag8 17. d4 h5 18. d5 Bxh3
19. gxh3 g4 20. Nh4 gxh3 21. Kh2 Rg5 22. Kxh3 Rhg8 23. axb5 axb5 24. Rg1 Ng4
25. Rg2 R5g7 26. Rag1 Bg5 27. Ndf3 Bf4 28. Nf5 Rh7 29. Bh4 Ra8 30. Bg3 Ra4 31.
Bxf4 exf4 32. Ng5 Rh8 33. f3 Ne5 34. Nd4 b4 35. Ne2 bxc3 36. bxc3 Ra3 37. Rc1
Nd3 38. Rf1 Ne5 39. Kh4 Ra2 40. Nxf4 Rxg2 41. Nxg2 Ng6+ 42. Kh3 f6 43. Ne6 Ne7
44. c4 f5 45. Ra1 Rb8 46. Ra7 Rb6 47. c5 dxc5 48. Nxc5+ Kd6 49. Nd3 fxe4 50.
fxe4 Rb8 51. Ndf4 Ng8 52. Nxh5 Rb7 53. Ra6+ Kd7 54. Kg4 Ne7 55. Nf6+ Kd8 56.
Nf4 Rb6 57. Ra8+ Nc8 58. Ne6+ Ke7 59. Rxc8 Kxf6 60. Rxc7 Rb1 61. Rc3 Ke5 62.
Re3 Rg1+ 63. Kf3 Rf1+ 64. Ke2 Ra1 65. Ng5 Rg1 66. Nf3+ 1-0

[Event "22e tournoi de Noël"]
[Site "Montigny le Bretonneux"]
[Date "2023.12.29"]
[Round "6.9"]
[White "Weens, William"]
[Black "Perrier-Perrery, Philippe"]
[Result "1/2-1/2"]
[WhiteElo "1643"]
[BlackElo "1419"]
[Annotator "Rivier,Sylvain"]
[PlyCount "214"]
[EventDate "2023.??.??"]
[WhiteTeam "ECHECS 78"]
[BlackTeam "Ste Foy Echecs"]

{Défense sicilienne} 1. e4 c5 2. Nf3 g6 3. d4 cxd4 4. Qxd4 Nf6 5. e5 Nc6 6.
Qc4 d5 7. Qa4 Ne4 8. Bb5 Qb6 9. O-O a6 10. Bxc6+ Qxc6 11. Qb3 Bg7 12. Nbd2 Be6
13. Nd4 Nxd2 14. Bxd2 Qd7 15. Nxe6 Qxe6 16. Qxb7 O-O 17. Qb3 Rab8 18. Qa3 Qxe5
19. c3 Qc7 20. g3 Be5 21. Rab1 Qb7 22. Rfe1 Bd6 23. Qa4 Qb5 24. Qh4 Rfe8 25.
Bg5 e6 26. Bf6 Bf8 27. Be5 Be7 28. Qh6 Bf8 29. Qf4 Bg7 30. Bxb8 Rxb8 31. Rec1
Rc8 32. Rd1 a5 33. a4 Qb7 34. Rdc1 Qb3 35. Qg4 h5 36. Qd1 Qb7 37. Rc2 Qb3 38.
Rcc1 Qb6 39. Qe2 Rc4 40. Ra1 Qc6 41. Qd1 Qb6 42. Rcb1 Kh7 43. Ra3 Qd8 44. Qf3
Qc7 45. Rd1 Kg8 46. Rd3 Qc6 47. Qd1 Qc7 48. Qb3 Kh7 49. Qb5 Rc5 50. Qe8 Qb7 51.
b4 axb4 52. cxb4 Rc1+ 53. Kg2 Qxb4 54. Qxf7 Qe4+ 55. Qf3 Qe1 56. Kh3 Kh6 57.
Qe3+ Qxe3 58. fxe3 g5 59. Ra2 Rc8 60. Rf2 Kg6 61. Rdd2 Bf6 62. Rxf6+ Kxf6 63.
Ra2 Rc1 64. a5 Rc7 65. a6 Ra7 66. Kg2 g4 67. h3 Ke5 68. Ra4 Kf5 69. hxg4+ hxg4
70. Kf2 e5 71. Ke2 Ke6 72. Rxg4 d4 73. exd4 exd4 74. Kd3 Kf5 75. Rf4+ Kg5 76.
Rxd4 Rxa6 77. Ke2 Rf6 78. Ke3 Re6+ 79. Kf3 Rf6+ 80. Ke4 Ra6 81. Ke5 Kg6 82. Kf4
Rf6+ 83. Kg4 Ra6 84. Rf4 Rb6 85. Kh4 Kh6 86. Rf5 Kg6 87. Rg5+ Kh6 88. Rc5 Kg6
89. Kg4 Ra6 90. Kh4 Kh6 91. g4 Kg6 92. Rc4 Kh6 93. Rc8 Kg6 94. Rh8 Kg7 95. Rh5
Kg6 96. Rf5 Rb6 97. Rc5 Ra6 98. Re5 Rb6 99. Ra5 Rc6 100. g5 Rc4+ 101. Kg3 Rc6
102. Kf3 Rb6 103. Ke3 Rc6 104. Kf4 Rb6 105. Re5 Rb4+ 106. Kf3 Rb3+ 107. Ke4
Rb4+ 1/2-1/2

[Event "22e tournoi de Noël"]
[Site "Montigny le Bretonneux"]
[Date "2023.12.29"]
[Round "6.10"]
[White "Imbert, Nicolas"]
[Black "Gauthier, Arnaud"]
[Result "1-0"]
[WhiteElo "1399"]
[BlackElo "1566"]
[Annotator "Rivier,Sylvain"]
[PlyCount "75"]
[EventDate "2023.??.??"]
[WhiteTeam "Saint-Quentin en Yvelines"]
[BlackTeam "C.E. Fontenay le Fleury "]

{Ouverture du pion dame, défense est-indienne} 1. d4 Nf6 2. Nf3 d6 3. Bf4 g6
4. Nbd2 Bg7 5. c3 Nbd7 6. e3 c5 7. Be2 b6 8. O-O Bb7 9. Re1 O-O 10. a4 Rc8 11.
h3 cxd4 12. exd4 Nd5 13. Bg5 Kh8 14. Bf1 f6 15. Bh4 Re8 16. Qb3 e5 17. a5 Qc7
18. a6 Ba8 19. Bg3 Nf4 20. Bxf4 exf4 21. Bb5 Bc6 22. Bxc6 Qxc6 23. Rxe8+ Rxe8
24. Re1 Rxe1+ 25. Nxe1 d5 26. Nd3 f5 27. Nb4 Qe6 28. Qxd5 Qxd5 29. Nxd5 Nb8 30.
Nc7 Bf8 31. Nc4 b5 32. Nxb5 Nxa6 33. Nxa7 Nc7 34. Nc6 Nd5 35. Kf1 Kg7 36. N4e5
Bd6 37. c4 Bxe5 38. Nxe5 1-0

[Event "22e tournoi de Noël"]
[Site "Montigny le Bretonneux"]
[Date "2023.12.29"]
[Round "6.11"]
[White "Neveu, Raphael"]
[Black "Selores Granjo, Gilberto"]
[Result "0-1"]
[WhiteElo "1199"]
[BlackElo "1423"]
[Annotator "Rivier,Sylvain"]
[PlyCount "86"]
[EventDate "2023.??.??"]
[WhiteTeam "La Dame Noire"]
[BlackTeam "C.E. Fontenay le Fleury "]

{Défense française, variante d'avance} 1. e4 c5 2. c3 e6 3. d4 d5 4. e5 Nc6
5. Nf3 Bd7 6. Bd3 Qb6 7. Bc2 cxd4 8. cxd4 Bb4+ 9. Nc3 Nge7 10. a3 Bxc3+ 11.
bxc3 Rc8 12. O-O Nf5 13. Re1 O-O 14. Rb1 Qc7 15. Bd3 a6 16. Bg5 b5 17. Qd2 Na5
18. Rec1 Nc4 19. Qf4 f6 20. exf6 Qxf4 21. Bxf4 Rxf6 22. Bxc4 dxc4 23. Re1 Nxd4
24. Nxd4 Rxf4 25. Nxe6 Bxe6 26. Rxe6 Rf6 27. Re5 Rd8 28. f3 Rd3 29. Rc1 Rfd6
30. Kf2 Rd2+ 31. Kf1 Ra2 32. Rce1 Rxa3 33. Rf5 h6 34. Re8+ Kh7 35. Re7 Rd2 36.
Re1 Rxc3 37. h4 Ra3 38. Kg1 Raa2 39. g4 c3 40. g5 hxg5 41. Rxg5 c2 42. Rh5+ Kg6
43. Rg5+ Kf6 0-1

[Event "22e tournoi de Noël"]
[Site "Montigny le Bretonneux"]
[Date "2023.12.29"]
[Round "6.12"]
[White "Moula, Guillaume"]
[Black "Lanfant, Kevin"]
[Result "1-0"]
[WhiteElo "1514"]
[BlackElo "1213"]
[Annotator "Rivier,Sylvain"]
[PlyCount "93"]
[EventDate "2023.??.??"]
[WhiteTeam "La Dame Noire"]
[BlackTeam "La Dame Noire"]

{Défense Caro-Kann, attaque Panov} 1. e4 c6 2. d4 d5 3. exd5 cxd5 4. c4 Nf6 5.
Nc3 g6 6. Be3 Bg7 7. Nge2 O-O 8. Nf4 dxc4 9. Bxc4 Qc7 10. Qb3 Nc6 11. Bd3 Rd8
12. Nfe2 Be6 13. Qa3 Nd5 14. Rc1 Qd7 15. O-O Bg4 16. Nxd5 Bxe2 17. Nxe7+ Nxe7
18. Bxe2 Nd5 19. Rfd1 a6 20. Rd2 Rac8 21. Rcd1 Re8 22. Bf3 Bf8 23. Qb3 Nxe3 24.
fxe3 b5 25. Rd3 Bh6 26. e4 a5 27. e5 a4 28. Qd5 Red8 29. Qxd7 Rxd7 30. Bg4 Rcd8
31. Bxd7 Rxd7 32. b3 Rd5 33. bxa4 bxa4 34. Re1 Bg7 35. Kf2 f5 36. Kf3 g5 37.
Ke2 Bf8 38. Kd1 Bb4 39. Re2 Kf7 40. Rb2 Bc5 41. Rb7+ Ke6 42. Rb5 Bxd4 43. Rxd5
Kxd5 44. Rxd4+ Kxd4 45. e6 Kc3 46. e7 Kb2 47. e8=Q 1-0

[Event "22e tournoi de Noël"]
[Site "Montigny le Bretonneux"]
[Date "2023.12.29"]
[Round "6.13"]
[White "Richecoeur, Clemence"]
[Black "Ralitera, Haja"]
[Result "1/2-1/2"]
[WhiteElo "1463"]
[BlackElo "1362"]
[Annotator "Rivier,Sylvain"]
[PlyCount "55"]
[EventDate "2023.??.??"]
[WhiteTeam "CE Le Roi Soleil - Le Chesnay - Versailles"]
[BlackTeam "Villepreux "]

{Partie du pion dame} 1. d4 d5 2. Nf3 Bf5 3. Bf4 c6 4. e3 Qb6 5. b3 Nf6 6. Bd3
Bxd3 7. Qxd3 e6 8. O-O Nbd7 9. h3 c5 10. Re1 Be7 11. Nc3 Rc8 12. Rac1 O-O 13.
Na4 Qa5 14. Nxc5 Nxc5 15. dxc5 Bxc5 16. a4 Ba3 17. Ra1 Bb4 18. Rec1 Bc3 19.
Rab1 Ne4 20. Be5 Nd2 21. Bxc3 Nxf3+ 22. gxf3 Rxc3 23. Qd4 Rfc8 24. Rb2 Qa6 25.
Qd2 Qd6 26. Kg2 Qa3 27. Rcb1 Qc5 28. Rc1 1/2-1/2

[Event "22e tournoi de Noël"]
[Site "Montigny le Bretonneux"]
[Date "2023.12.29"]
[Round "6.14"]
[White "Couradin, Bruno"]
[Black "Taieb, Cedric"]
[Result "0-1"]
[WhiteElo "1338"]
[BlackElo "1399"]
[Annotator "Rivier,Sylvain"]
[PlyCount "26"]
[EventDate "2023.??.??"]
[WhiteTeam "La Dame Noire"]
[BlackTeam "Saint-Quentin en Yvelines"]

{Ouverture du pion dame} 1. d4 c5 2. e3 Nf6 3. Nf3 d6 4. dxc5 d5 5. Nc3 Bg4 6.
Be2 e6 7. b4 Nc6 8. a3 Qc7 9. Nd4 h5 10. Nxc6 Qxc6 11. Bxg4 hxg4 12. O-O Qc7
13. Bb2 Qxh2# 0-1

[Event "22e tournoi de Noël"]
[Site "Montigny le Bretonneux"]
[Date "2023.12.29"]
[Round "6.15"]
[White "Bouloc, Roger"]
[Black "Durez, Gerard"]
[Result "0-1"]
[WhiteElo "1335"]
[BlackElo "1378"]
[Annotator "Rivier,Sylvain"]
[PlyCount "102"]
[EventDate "2023.??.??"]
[WhiteTeam "La Dame Noire"]
[BlackTeam "La Dame Noire"]

{Défense sicilienne, variante Löwenthal} 1. e4 c5 2. Nf3 Nc6 3. d4 cxd4 4.
Nxd4 e5 5. Nf3 d6 6. Be2 Nf6 7. O-O Be7 8. Nc3 a6 9. Be3 Bd7 10. h3 O-O 11. Nd5
Nxe4 12. Bb6 Qc8 13. Bd3 Nf6 14. Nxf6+ Bxf6 15. Qe2 d5 16. c3 e4 17. Bxe4 dxe4
18. Qxe4 Re8 19. Qd3 Ne7 20. Nd4 Nc6 21. Rac1 Ne5 22. Qg3 Nc4 23. Qc7 Qxc7 24.
Bxc7 Rac8 25. Bg3 Bxd4 26. cxd4 Nxb2 27. Rb1 Re2 28. Rfe1 Rxe1+ 29. Rxe1 Bc6
30. Rc1 Rd8 31. Rc2 Na4 32. Rc4 Nb6 33. Rb4 Nd5 34. Rb1 Nf6 35. Be5 Nd5 36. Rd1
f6 37. Bg3 a5 38. f3 Re8 39. Kf2 Kf7 40. Re1 Rxe1 41. Kxe1 Ke6 42. Kd2 a4 43.
a3 b5 44. Bf2 Nf4 45. g3 Nxh3 46. Be1 Bxf3 47. Kc3 Kd5 48. Kb4 Be2 49. Bc3 Nf2
50. Ka5 Ne4 51. g4 Nxc3 0-1